00502nam a2200193 a 4500001001300000003000900013005001700022008004100039020001000080082001700090100001800107245003100125260003200156300000800188500003500196505003200231650002700263700001800290nice12345678IN_TiNIC20260116011905.0050524s1893 laha grp 000 0 urd  ac10000a297.294bAHM aAhmad, Ghulam aVed and Qur`an Ka Muqabila aLahorebIslamia Pressc1893 a86p aincludes index and biblioraphy2 athree parts of first volume aIslam-Apologetic Works1 aAhmad, Ghulam